History - American | 0 | 6 | 0 | 0 | 60 | 61 | 100.00 | 0 | 0 |
History - European | 1 | 4 | 0 | 0 | 55 | 39 | 88.80 | 0 | 1 |
History - World | 2 | 2 | 0 | 0 | 50 | 53 | 70.25 | 1 | 1 |
Science - Biology | 1 | 3 | 0 | 0 | 45 | 74 | 97.00 | 0 | 0 |
History - Cross, Historiography, and Miscellaneous | 3 | 0 | 0 | 0 | 45 | 27 | 43.67 | 1 | 1 |
Science - Chemistry | 0 | 4 | 0 | 0 | 40 | 75 | 99.25 | 0 | 1 |
Fine Arts - Music | 0 | 4 | 0 | 0 | 40 | 112 | 117.75 | 0 | 0 |
Science - Physics | 0 | 3 | 0 | 0 | 30 | 98 | 105.33 | 0 | 0 |
Other - Other Academic and General Knowledge | 0 | 3 | 0 | 0 | 30 | 73 | 95.67 | 0 | 0 |
Science - Earth | 0 | 3 | 0 | 0 | 30 | 71 | 79.33 | 0 | 1 |
Current Events - World | 0 | 2 | 0 | 0 | 20 | 98 | 116.50 | 0 | 0 |
RMP - World Mythology | 0 | 2 | 0 | 0 | 20 | 120 | 132.00 | 0 | 0 |
RMP - East Asian Religion | 0 | 1 | 0 | 0 | 10 | 94 | 94.00 | 0 | 0 |
RMP - Greco-Roman Mythology | 0 | 1 | 0 | 0 | 10 | 125 | 125.00 | 0 | 0 |
RMP - Hinduism | 0 | 1 | 0 | 0 | 10 | 112 | 112.00 | 0 | 0 |
RMP - Islam | 0 | 1 | 0 | 0 | 10 | 88 | 88.00 | 0 | 0 |
Geography - United States | 0 | 1 | 0 | 0 | 10 | 86 | 86.00 | 0 | 0 |
Fine Arts - Ballet/Dance | 0 | 1 | 0 | 0 | 10 | 123 | 123.00 | 0 | 0 |
Geography - World | 0 | 1 | 0 | 0 | 10 | 91 | 91.00 | 0 | 0 |
Fine Arts - Miscellaneous | 0 | 1 | 0 | 0 | 10 | 91 | 91.00 | 0 | 0 |
Fine Arts - Architecture | 0 | 1 | 0 | 0 | 10 | 115 | 115.00 | 0 | 0 |
Current Events - U.S. | 0 | 0 | 0 | 0 | 0 | | 0.00 | 0 | 0 |
Literature - European | 0 | 0 | 0 | 0 | 0 | | 0.00 | 0 | 0 |